Statistics for Five Most Peaceful Countries by Continent

Click here to take the quiz!

General Stats

  • This quiz has been taken 213 times
    (36 since last reset)
  • The average score is 14 of 28

Answer Stats

Answer % Correct
New Zealand
82%
Iceland
79%
Australia
79%
Canada
79%
Uruguay
67%
Japan
67%
Chile
67%
Ecuador
64%
Singapore
61%
Argentina
58%
Peru
55%
Denmark
55%
Papua New Guinea
52%
Austria
48%
Bhutan
48%
Costa Rica
42%
Panama
42%
Qatar
39%
Jamaica
36%
Mauritius
33%
Portugal
30%
Slovenia
30%
Dominican Republic
27%
Ghana
24%
Malaysia
24%
Botswana
24%
Zambia
21%
Malawi
21%

Score Distribution

Percentile by Number Answered

Percent of People with Each Score

Your Score History

You have not taken this quiz since the last reset